El Sector público en la planificación del desarrollo /
Uloženo v:
| Hlavní autor: | |
|---|---|
| Další autoři: | |
| Médium: | Text |
| Vydáno: |
México D.F:
Siglo Veintiuno
|
| Vydání: | 5 |
| Tagy: |
Přidat tag
Žádné tagy, Buďte první, kdo vytvoří štítek k tomuto záznamu!
|
MARC
| LEADER | 00000 a a2200000 04500 | ||
|---|---|---|---|
| 001 | 24656 | ||
| 003 | |||
| 040 | |||
| 090 | |a 169900 | ||
| 100 | |a Cibotti, Ricardo | ||
| 245 | |a El Sector público en la planificación del desarrollo / |c Ricardo Cibotti | ||
| 250 | |a 5 | ||
| 260 | |a México D.F: |b Siglo Veintiuno | ||
| 300 | |a 271 p |b **no definido** |b fonodiscos | ||
| 700 | |a Sierra, Enrique | ||
| 999 | |c 10026 |d 10026 | ||
